AH International Schools' Libraries

Phoebe the fashion fairy / (Record no. 49389)

MARC details
000 -LEADER
fixed length control field 00313nam a2200121 4500
020 ## - INTERNATIONAL STANDARD BOOK NUMBER
International Standard Book Number 9781843628231
100 ## - MAIN ENTRY--PERSONAL NAME
Personal name Meadows, Daisy
9 (RLIN) 40969
245 ## - TITLE STATEMENT
Title Phoebe the fashion fairy /
Statement of responsibility, etc Daisy Meadows
260 ## - PUBLICATION, DISTRIBUTION, ETC. (IMPRINT)
Place of publication, distribution, etc UK
Name of publisher, distributor, etc Orchard Books
Date of publication, distribution, etc 2016
300 ## - PHYSICAL DESCRIPTION
Extent 80 p.
Other physical details ill.
Dimensions 20 cm.
490 ## - SERIES STATEMENT
Series statement Rainbow Magic
942 ## - ADDED ENTRY ELEMENTS (KOHA)
Source of classification or shelving scheme
Koha item type Book
Holdings
Withdrawn status Lost status Source of classification or shelving scheme Damaged status Not for loan Home library Current library Shelving location Date acquired Total Checkouts Full call number Barcode Date last seen Date checked out Price effective from Koha item type
          Asian Hope Early Years Library Asian Hope Early Years Library Junior Fiction 08/21/2025 2 CB FIC MEA 208940 12/18/2025 10/27/2025 08/21/2025 Book

For any Logos Library related questions please contact Miss Art at swongnarasuk@asianhope.org.

For any Asian Hope Library related questions please contact Miss Raza at graza@asianhope.org.

Click here to explore our ebooks!

Powered by Koha